Statistiques concernant La France dans les langues de Jetpunk.

Cliquez ici pour prendre le quiz!

Statistiques générales

  • Ce quiz a été pris 77 fois
  • Le résultat moyen est 5 sur 9

Statistiques - réponses

Langues JetpunkTraduction% Correct
Anglais | FrançaisFrance
96%
Espagnol | ItalienFrancia
88%
AllemandFrankreich
60%
PortugaisFrança
51%
NéerlandaisFrankrijk
10%
FinnoisRanska
7%
PolonaisFrancja
7%

Distribution des résultats

Percentile par nombre de réponses

% des personnes avec chaque résultat

Votre développement - résultats

Vous n’avez pas pris ce quiz